Culture Générale - Série 444 - Statistiques

Statistiques générales
  • Ce quiz a été pris 197 fois
  • Le résultat moyen est 5 sur 10
Statistiques - réponses
Question Réponse % Correct
A quel homme d'Etat prête‐t‐on cette recette de longévité : "Cigares, whisky, et pas de sport !" ? Winston Churchill
79%
Dans quelle chanson Sabine Paturel a‐t‐elle "tout mangé le chocolat" ? Les Bêtises
73%
Quelle Juliette joue la chocolatière Vianne Rocher dans le film "Le Chocolat", sorti en 2001 ? Juliette Binoche
71%
Quel était le prénom de l'épouse du Général De Gaulle ? Yvonne
63%
Quel pays est le premier producteur mondial de cacao en 2015 ? Côte d'Ivoire
40%
Quel poète a écrit "Rappelle‐toi, Barbara...", dans son livre "Paroles" ? Jacques Prévert
40%
Comment appelle‐t‐on la cité créée par Le Corbusier boulevard Michelet à Marseille ? Cité radieuse
34%
Quel nom porte le fruit du cacaoyer, qui contient les fèves de cacao ? cabosse
32%
Quel pays est le second producteur mondial de cacao en 2015 ? Ghana
18%
Quel était le prénom de Barbara à l'état civil ? Monique
13%
Aucun quiz correspondant
Distribution des résultats
% des personnes avec chaque résultat
Percentile par nombre de réponses
Votre historique - résultats
Vous n’avez pas pris ce quiz